الحروب على الموارد : (رقم التسجيلة. 82004)

تفاصيل مارك
000 -الفاتح
عناصر البيانات ثابتة الطول 00791cam a2200217 i 4500
005 - تاريخ ووقت آخر معاملة
حقل ضبط 20260120114329.0
008 - عناصر البيانات ثابتة الطول
عناصر البيانات ثابتة الطول 250721s9999 le gr 000 0 ara d
020 ## - الترقيم الدولي المعياري للكتب (ردمك)
الترقيم الدولي المعياري للكتب (ردمك) 9953270430
041 1# - كود اللغة
كود اللغة لنص/مسار صوت أو عنوان منفصل ara
كود اللغة للأصل eng
082 14 - رقم تصنيف ديوي العشري
رقم التصنيف 333.8
رقم المادة ك ل ي
100 1# - مدخل رئيسي – اسم شخصي
الاسم الشخصي كليبر، مايكل
علاقة الشخص بالعمل/ دوره مؤلف.
245 12 - بيان العنوان
العنوان الحروب على الموارد :
بقية العنوان الجغرافيا الجديدة للنزاعات العالمية /
بيان المسؤولية مايكل كلير ؛ ترجمة عدنان حسن.
246 10 - الأشكال المختلفة للعنوان
العنوان الفعلي/العنوان المختصر resource wars the new landscape of global conflict
264 31 - بيانات النشر، التوزيع…إلخ
مكان النشر، التوزيع...إلخ بيروت :
اسم الناشر، الموزع...إلخ دار الكتاب العربي،
تاريخ النشر، التوزيع...إلخ 2001.
300 ## - الوصف المادي
عدد الوحدات المكونة للوعاء 309 صفحة.
650 17 - مدخل إضافي بالموضوع - مصطلح موضوعي
مصطلح موضوعي أو اسم جغرافي كعنصر مدخل النفط.
650 17 - مدخل إضافي بالموضوع - مصطلح موضوعي
مصطلح موضوعي أو اسم جغرافي كعنصر مدخل المياه.
650 17 - مدخل إضافي بالموضوع - مصطلح موضوعي
مصطلح موضوعي أو اسم جغرافي كعنصر مدخل الصراع الدولي.
942 ## - بيانات إضافية (كوها)
نوع التنصيف Dewey Decimal Classification
نوع المادة (كوها) كتب
المقتنيات
حالة السحب حالة الفقدان مصدر التصنيف حالة التلف غير قابل للإعارة المكتبة الرئيسية المكتبة الحالية موقع الرف تاريخ التزويد الرقم المتسلسل Total Checkouts رقم الإستدعاء الباركود تاريخ آخر ظهور تاريخ الفاتورة نوع المادة (كوها) العملة
    Dewey Decimal Classification     المكتبة المركزية المكتبة المركزية الإعارة 28/07/2025 1629765   333.8كلي PLD00398423 28/07/2025 28/07/2025 كتب  
    Dewey Decimal Classification     المكتبة المركزية المكتبة المركزية الإعارة 16/11/2016 1629760   333.8كلي PLD00399091 28/07/2025 16/11/2016 كتب  
    Dewey Decimal Classification     المكتبة المركزية المكتبة المركزية الإعارة 20/01/2026 505038   333.8 / ك ل ي 505038 20/01/2026 20/01/2026 كتب JOD
Implemented & Customized by: BBB with SCIT (Smart Chains for Information Technology)

Powered by Koha